Economic Aspects of Implementing Six Sigma Project in Selected Company
Saved in:
| Main Author: | |
|---|---|
| Other Authors: | , |
| Format: | Book Chapter |
| Language: | English |
| Subjects: | |
| Tags: |
No Tags, Be the first to tag this record!
|
MARC
| LEADER | 00000nla a2200000 4500 | ||
|---|---|---|---|
| 001 | 0184821 | ||
| 005 | 20240502083436.1 | ||
| 041 | 0 | |a eng | |
| 044 | |a IN | ||
| 245 | 1 | 0 | |a Economic Aspects of Implementing Six Sigma Project in Selected Company |c Marek Andrejkovič, Zuzana Hajduová, Stela Beslerová |
| 610 | 2 | 0 | |a podnik |
| 610 | 2 | 0 | |a inovácia |
| 610 | 2 | 0 | |a znižovanie nákladov |
| 610 | 2 | 0 | |a efektívnosť ekonomická |
| 610 | 2 | 0 | |a efektívnosť inovácií |
| 610 | 2 | 0 | |a meranie |
| 610 | 2 | 0 | |a metódy štatistické |
| 100 | 1 | |a Andrejkovič, Marek | |
| 700 | 1 | |a Hajduová, Zuzana, 1974- | |
| 700 | 1 | |a Beslerová, Stela | |